Представление документа в формате MARC21

Поле Инд. ПП Название Значение
Тип записи a
Библиографический уровень a
001 Контрольный номер b9e460ac5c4b46b48fb915cfb0b97026
005 Дата корректировки 20260423083144.5
020 a ISBN 978-5-907919-723
040 a Служба первич. каталог. НБ ТвГУ
b Код языка каталог. rus
e Правила каталог. PSBO
041 0_ a Код языка текста rus
097 b Оператор Komarova.ES
100 1_ a Автор Мах Авазмад Бакимадович
q Полное имя Мах А. Б.
245 10 a Заглавие Историко-культурные факторы формирования Общероссийской наднациональной идентичности
260 a Место издания Москва
b Издательство Московский союз литераторов
504 a Библиография Библиогр. в подстроч. примеч.
520 0_ a Аннотация Культурный код России – это сложное, многослойное и многогранное явление. Помимо главной его доминанты (православия) и некоторых других компонентов оно включает в себя, как это не банально звучит, патриотизм. Любовь к России, к русскому раздолью, к её традициям и есть проявление настоящей, неподдельной культурной идентичности российского народа. Из этого следует, что все коренные этносы, проживающие на территории РФ: «и гордый внук славян, и финн, и ныне дикой / Тунгус, и друг степей калмык» (А. С. Пушкин) могут с полным правом заявлять о своих ментальных связях с Россией и прямой причастности к Русскому миру. Будущее России – в единстве разнообразных культур.
653 0_ a Ключевые слова Наука
a Ключевые слова Русский культурный код
a Ключевые слова Русская идентичность
a Ключевые слова Язычество
a Ключевые слова Родина
700 12 a Другие авторы Усманова Фотима Курбонбаевна
q Полное имя Усманова Ф. К.
773 18 w Контрольный № источника b6c41c0621c24b1a8844e5348daa290e
t Название источника IV международная научно-практическая конференция "Русский язык и литература в современном мире: как сохранить национальный культурный код"
d Место и дата издания Москва : Московский союз литераторов, 2026
g Прочая информация С. 52-66
901 t Тип документа a
920 a Оператор Кома
954 b Дата поступления в ОК 20260423